000 00321pab a2200133 454500
008 180718b2002 xxu||||| |||| 00| 0 eng d
100 _aHarfield, Clive
245 _aIssues in transatlantic police cooperation
260 _c2002
300 _ap.204-22.
650 _aPolice
773 _aPolice Journal
909 _a54650
999 _c54650
_d54650